[Event "CorpSoft Nordic 2006"]
[Site "Valby"]
[Date "2006.04.27"]
[Round "6"]
[White "Naes, Flovin Tor"]
[Black "Smith, Andrew"]
[Result "0-1"]
[WhiteElo "2273"]
[BlackElo "2190"]
[PlyCount "78"]
[EventDate "2006.??.??"]

1. d4 Nf6 2. Bg5 c5 3. Bxf6 gxf6 4. d5 Qb6 5. Qc1 f5 6. g3 Bg7 7. c3 h5 8. h4
d6 9. Bh3 Bh6 10. Qc2 e6 11. Nf3 exd5 12. Nbd2 Nc6 13. e3 Ne7 14. c4 Be6 15.
cxd5 Bxd5 16. Bxf5 Bg7 17. Rb1 Bxa2 18. Qa4+ Qc6 19. Qxa2 Nxf5 20. O-O O-O 21.
Qc4 d5 22. Qf4 Qe6 23. b4 c4 24. e4 dxe4 25. Nxe4 Rac8 26. Nc5 Qg6 27. Ng5 b6
28. Nd7 Rfe8 29. Rbd1 c3 30. Rd5 c2 31. Kh2 Nh6 32. f3 Qc6 33. Ne4 c1=Q 34.
Rxc1 Qxc1 35. Nef6+ Kh8 36. Qxc1 Re2+ 37. Kh3 Rxc1 38. g4 hxg4+ 39. fxg4 Rc3+
0-1

[Event "CorpSoft Nordic 2006"]
[Site "Valby"]
[Date "2006.04.27"]
[Round "6"]
[White "Pedersen, Henrik Dahl"]
[Black "Hermansson, Emil"]
[Result "0-1"]
[WhiteElo "2162"]
[BlackElo "2441"]
[PlyCount "50"]
[EventDate "2006.??.??"]

1. e4 c5 2. Nf3 Nc6 3. d4 cxd4 4. Nxd4 Nf6 5. Nc3 e5 6. Ndb5 d6 7. Be2 a6 8.
Na3 b5 9. Nd5 Nxe4 10. Bf3 f5 11. Be3 Rb8 12. g4 g6 13. h4 Bg7 14. h5 O-O 15.
hxg6 hxg6 16. Qd3 Nc5 17. Bxc5 dxc5 18. O-O-O e4 19. Qb3 Be6 20. gxf5 gxf5 21.
Bg2 Nd4 22. Rh8+ Bxh8 23. Qg3+ Bg7 24. Nf4 Qd6 25. Bf1 Rbd8 0-1

[Event "CorpSoft Nordic 2006"]
[Site "Valby"]
[Date "2006.04.28"]
[Round "7"]
[White "Aadnoy, Hallvard"]
[Black "Jakobsen, Ole"]
[Result "0-1"]
[WhiteElo "2266"]
[BlackElo "2401"]
[PlyCount "162"]
[EventDate "2006.??.??"]

1. e4 c5 2. Nf3 e6 3. d4 cxd4 4. Nxd4 Nc6 5. Nc3 d6 6. Be2 Nf6 7. Be3 Be7 8. f4
O-O 9. O-O Bd7 10. Kh1 Nxd4 11. Bxd4 Bc6 12. Bd3 Nd7 13. e5 dxe5 14. fxe5 Bc5
15. Be4 Bxd4 16. Qxd4 Qb6 17. Qxb6 axb6 18. Rfe1 Ra5 19. Rad1 Rxe5 20. Rxd7 f5
21. Rd2 fxe4 22. Kg1 h5 23. Rde2 Rf4 24. Re3 h4 25. Ne2 Rg4 26. h3 Rg6 27. Nc3
Rf6 28. Nxe4 Rf4 29. Nc3 Rxe3 30. Rxe3 Kf7 31. Ne2 Re4 32. Rxe4 Bxe4 33. c3 e5
34. Kf2 Ke6 35. Ng1 Kf5 36. Nf3 g5 37. Nh2 Kf4 38. Ng4 Bb1 39. a3 Ba2 40. Ne3
b5 41. Ng4 Be6 42. Ne3 Ke4 43. Ke2 Bc4+ 44. Kd2 Kf4 45. a4 Kg3 46. axb5 Bxb5
47. Ke1 Bc6 48. Kf1 Kf4 49. Kf2 Ke4 50. Ng4 Kf4 51. Ne3 Ke4 52. Nc4 Kf4 53. Na5
e4 54. Nc4 Bd5 55. Ne3 Be6 56. Nc2 g4 57. hxg4 Bxg4 58. Ne3 Be6 59. Nf1 Bc4 60.
Ne3 Be6 61. c4 Ke5 62. b4 Kd4 63. c5 Bd7 64. Ke2 Bb5+ 65. Kd2 Bc6 66. Nc2+ Kc4
67. Ke3 Kc3 68. Nd4 Kxb4 69. Ne6 Bd5 70. Nf4 Kxc5 71. Ng6 b5 72. Nxh4 b4 73.
Nf5 b3 74. Kd2 Be6 75. Ne3 Kb4 76. g4 Ka3 77. Kc3 Bxg4 78. Nc4+ Ka2 79. Kd4 Bf5
80. Nd6 b2 81. Nxf5 b1=Q 0-1

[Event "CorpSoft Nordic 2006"]
[Site "Valby"]
[Date "2006.04.28"]
[Round "7"]
[White "Bekker Jensen, Simon"]
[Black "Pedersen, Henrik Dahl"]
[Result "1-0"]
[WhiteElo "2398"]
[BlackElo "2162"]
[PlyCount "79"]
[EventDate "2006.??.??"]

1. c4 c6 2. d4 d5 3. Nf3 Nf6 4. Nc3 e6 5. Bg5 Nbd7 6. cxd5 exd5 7. e3 Be7 8.
Bd3 O-O 9. Qc2 Re8 10. O-O h6 11. Bf4 Nf8 12. h3 Bd6 13. Ne5 Qe7 14. Bh2 Bd7
15. f4 c5 16. Be2 Bc6 17. Bf3 Ne6 18. Rad1 Red8 19. Kh1 cxd4 20. exd4 Bc7 21.
Rfe1 Qd6 22. f5 Ng5 23. Ng4 Qd7 24. Nxf6+ gxf6 25. Bxc7 Nxf3 26. Bxd8 Nxe1 27.
Rxe1 Rxd8 28. g4 Re8 29. Rxe8+ Qxe8 30. Qe2 Qd8 31. Kg2 Qd6 32. Qd2 Kh7 33. Ne2
Bb5 34. Ng3 b6 35. Nh5 a5 36. Qe3 a4 37. a3 Qd8 38. Qe1 Bd3 39. Qe8 Be4+ 40.
Kg3 1-0

[Event "CorpSoft Nordic 2006"]
[Site "Valby"]
[Date "2006.04.28"]
[Round "7"]
[White "Hermansson, Emil"]
[Black "Carstensen, Jacob"]
[Result "1-0"]
[WhiteElo "2441"]
[BlackElo "2289"]
[PlyCount "57"]
[EventDate "2006.??.??"]

1. e4 c5 2. Nf3 d6 3. d4 cxd4 4. Nxd4 Nf6 5. Nc3 a6 6. Be3 e5 7. Nb3 Be6 8. f3
Be7 9. Qd2 O-O 10. O-O-O b5 11. g4 Nbd7 12. g5 b4 13. Ne2 Ne8 14. f4 a5 15. f5
a4 16. fxe6 axb3 17. exf7+ Rxf7 18. Kb1 bxa2+ 19. Ka1 Nc7 20. Ng3 Rf8 21. Bc4+
Kh8 22. Nf5 Nc5 23. Bxc5 dxc5 24. Qd7 Re8 25. Qc6 Qc8 26. Rd7 Bd8 27. Rxg7 Re6
28. Bxe6 Qxe6 29. Rxc7 1-0

[Event "CorpSoft Nordic 2006"]
[Site "Valby"]
[Date "2006.04.28"]
[Round "7"]
[White "Lund, Silas"]
[Black "Naes, Flovin Tor"]
[Result "0-1"]
[WhiteElo "2319"]
[BlackElo "2273"]
[PlyCount "50"]
[EventDate "2006.??.??"]

1. d4 f5 2. Nc3 d5 3. Nh3 Nf6 4. f3 e6 5. Bf4 Bd6 6. e3 O-O 7. Qd2 a6 8. Bd3 c5
9. dxc5 Bxc5 10. O-O-O Nc6 11. Bg5 h6 12. Bh4 b5 13. e4 Qb6 14. Bf2 d4 15. Ne2
fxe4 16. fxe4 e5 17. Ng3 Be6 18. Kb1 Rac8 19. b3 Nb4 20. Qc1 Nxa2 21. Kxa2 Qa5+
22. Kb1 Ba3 23. Be1 Rc3 24. Qd2 Bxb3 25. Qxc3 Ba2+ 0-1

[Event "CorpSoft Nordic 2006"]
[Site "Valby"]
[Date "2006.04.28"]
[Round "7"]
[White "Smith, Andrew"]
[Black "Skovgaard, Peter Nicolai"]
[Result "0-1"]
[WhiteElo "2190"]
[BlackElo "2165"]
[PlyCount "70"]
[EventDate "2006.??.??"]

1. e4 c5 2. Nf3 d6 3. d4 cxd4 4. Nxd4 Nf6 5. Nc3 g6 6. Nd5 Bg7 7. Nxf6+ Bxf6 8.
Bh6 Qb6 9. c3 Qxb2 10. Bb5+ Bd7 11. O-O Nc6 12. Qa4 Qxc3 13. Nxc6 bxc6 14. Bc4
Bg7 15. Rac1 Qf6 16. Bxg7 Qxg7 17. Ba6 O-O 18. Bb7 Rab8 19. Qxa7 c5 20. Rb1 Qd4
21. Qa5 Bc8 22. Bc6 Rxb1 23. Rxb1 Be6 24. h3 c4 25. Qb4 Rc8 26. Bb7 Rc5 27. a4
Qd3 28. a5 Rxa5 29. Rc1 Ra2 30. Qc3 Qe2 31. Rf1 Qb2 32. Qxb2 Rxb2 33. Bd5 Bxd5
34. exd5 Rd2 35. Rc1 Rd4 0-1

[Event "CorpSoft Nordic 2006"]
[Site "Valby"]
[Date "2006.04.29"]
[Round "8"]
[White "Skovgaard, Peter Nicolai"]
[Black "Lund, Silas"]
[Result "0-1"]
[WhiteElo "2165"]
[BlackElo "2319"]
[PlyCount "96"]
[EventDate "2006.??.??"]

1. e4 e5 2. Nf3 Nc6 3. Bc4 Be7 4. O-O Nf6 5. d3 O-O 6. Re1 d6 7. a4 h6 8. a5 a6
9. c3 Nh7 10. Nbd2 Ng5 11. Nxg5 Bxg5 12. Nf1 Bxc1 13. Qxc1 Kh7 14. Bb3 f5 15.
exf5 Bxf5 16. Bc2 Kh8 17. Qd2 d5 18. Ba4 Qd6 19. Bxc6 bxc6 20. d4 e4 21. b4 Bd7
22. Ra2 Rf4 23. Qe2 Bg4 24. Qe3 Raf8 25. Qg3 R8f6 26. h3 Bd7 27. Re3 Qf8 28.
Rae2 h5 29. Nd2 Kh7 30. Nxe4 dxe4 31. Rxe4 Rxe4 32. Rxe4 Qf7 33. Re5 Rf5 34.
Qd3 Qg6 35. Rxf5 Bxf5 36. Qxa6 Bd3 37. Qc8 Be4 38. g4 Qg5 39. Qe8 Qc1+ 40. Kh2
Qf4+ 41. Kg1 Qc1+ 42. Kh2 Qh1+ 43. Kg3 Qf3+ 44. Kh4 Qf6+ 45. Kg3 h4+ 46. Kh2
Qf4+ 47. Kg1 Qc1+ 48. Kh2 Qh1# 0-1